Revitalización del mercado central de Puntarenas patrimonio nacional
Gorde:
| Egile nagusia: | |
|---|---|
| Beste egile batzuk: | |
| Formatua: | Liburua |
| Hizkuntza: | Spanish |
| Argitaratua: |
[San José, Costa Rica]
2020
|
| Gaiak: | |
| Etiketak: |
Etiketa erantsi
Etiketarik gabe, Izan zaitez lehena erregistro honi etiketa jartzen!
|
MARC
| LEADER | 00000nam a2200000Ia 4500 | ||
|---|---|---|---|
| 003 | 013470 | ||
| 005 | 20230526102027.0 | ||
| 008 | 140116s2020 cr a 000 ||spa d | ||
| 040 | |c cru CEDI | ||
| 100 | |a Poveda Vargas, Álvaro Enrique, 1955- |d Director del TFG |9 264 | ||
| 245 | |a Revitalización del mercado central de Puntarenas patrimonio nacional | ||
| 260 | |a [San José, Costa Rica] |c 2020 | ||
| 500 | |a Proyecto de graduación (licenciatura en arquitectura)--Universidad de Costa Rica. Facultad de Ingeniería. Escuela de Arquitectura | ||
| 501 | |a Director de Proyecto de Graduación: M.Sc. Oscar Molina Molina | ||
| 650 | |x DISEÑO ARQUITECTONICO - PUNTARENAS (COSTA RICA) |x ARQUITECTURA - CONSERVACION Y RESTAURACION - PUNTARENAS (COSTA RICA) |x URBANISMO - PUNTARENAS (COSTA RICA) |x MERCADO CENTRAL DE PUNTARENAS (COSTA RICA) |x PATRIMONIO ARQUITECTONICO - CONSERVACION Y RESTAURACION - PUNTARENAS (COSTA RICA) | ||
| 700 | |9 265 |a Molina Molina, Oscar Mario, 1961- |d Director del TFG | ||
| 942 | |c CEDI |h TFG 8621 |6 TFG_8621_000000000000000 | ||
| 999 | |c 21972 |d 21972 | ||
